|
|
|
|
| LEADER |
01294nam a2200277 i 4500 |
| 001 |
c000046968 |
| 003 |
CARM |
| 005 |
00000000000000.0 |
| 008 |
820310s1974 fr a i00010 eng |
| 015 |
|
|
|a F***
|
| 019 |
1 |
|
|a 2182077
|5 LACONCORD2021
|
| 035 |
|
|
|a (OCoLC)8220025
|5 LACONCORD2021
|
| 050 |
0 |
0 |
|a QH541.5.C6
|b I57 1974
|
| 110 |
2 |
0 |
|a International Co-ordinating Council of the Programme on Man and the Biosphere.
|b Expert Panel on Project 11: Ecological Effects of Energy Utilization in Urban and Industrial Systems.
|
| 245 |
0 |
0 |
|a Final report /
|c Programme on Man and the Biosphere (MAB), Expert Panel on Project 11, Ecological Effects of Energy Utilization in Urban and Industrial Systems, Bad Nauheim, 16-19 October 1973.
|
| 260 |
|
|
|a Paris :
|b Unesco,
|c 1974.
|
| 300 |
|
|
|a 85 p. :
|b diagrs. ;
|c 30 cm.
|
| 490 |
1 |
|
|a MAB report series ;
|v no. 13
|
| 500 |
|
|
|a Errata slip inserted.
|
| 650 |
|
0 |
|a Urban ecology (Biology)
|
| 650 |
|
0 |
|a Energy consumption
|x Environmental aspects.
|
| 830 |
|
0 |
|a MAB report series ;
|v no. 13.
|
| 852 |
8 |
|
|b CARM
|h A2:AD05D5
|i D00678
|p 0042107
|f BK
|
| 082 |
0 |
4 |
|a 574.5/268
|2 19
|
| 999 |
f |
f |
|i b1e8291a-9a2a-5d99-92b9-9b1675470c23
|s e90d9da0-f6d7-5df7-a968-245ba2787fc7
|
| 952 |
f |
f |
|p Can circulate
|a CAVAL
|b CAVAL
|c CAVAL
|d CARM 1 Store
|e D00678
|f A2:AD05D5
|h Other scheme
|i book
|m 0042107
|